000 00765nab a2200229 u 4500
001 16617
003 HDC
007 cr bn ---aaaaa
008 210221c20100818xx dr|noo 0 a eng d
040 _aHDC
245 0 _aIran: The Fourth Session of Iran's Halal Supreme Council
260 _a[No place] :
_b[publisher not identified],
_c2010
336 _atext
_2rdacontent
337 _acomputer
_2rdamedia
338 _aonline resource
_2rdacarrier
650 _aHalal Brand
_9519
650 _aHalal industry
_zIran
_916343
856 _zRequest full-text at [email protected]
942 _2lcc
942 _cNEWS
942 _kNWSO 005718
999 _c13933
_d13933